Statistics for Guess the Taylor Swift song with no hints

Click here to take the quiz!

General Stats

  • This quiz has been taken 108 times
    (102 since last reset)
  • The average score is 195 of 254

Answer Stats

Answer% Correct
The
100%
the
100%
You
100%
you
100%
a
99%
it
97%
your
97%
love
95%
in
93%
are
92%
on
92%
and
91%
And
91%
You're
91%
he
90%
He
90%
my
90%
then
90%
can
88%
so
88%
to
88%
is
87%
of
87%
Of
87%
they
85%
hear
84%
go
83%
for
82%
No
82%
what
82%
see
80%
with
79%
i've
78%
was
78%
but
77%
out)
77%
out
77%
their
77%
why
77%
Why
77%
too
76%
just
74%
not
74%
one
74%
One
74%
feel
73%
his
73%
at
72%
home
72%
home)
72%
silence
72%
(Silence)
72%
(Way
72%
way
72%
Cause
71%
knew
71%
light
71%
said
71%
(Lights
70%
lights
70%
up
70%
look
68%
Look
68%
Time
68%
friend
67%
night
67%
true
67%
now
66%
says
66%
best
65%
goes
64%
into
64%
enough
63%
back
61%
picture
61%
room
61%
dark
60%
keep
60%
life
60%
saw
60%
two
60%
keeps
59%
much
59%
trying
59%
whole
59%
word
59%
face
58%
once
58%
put
58%
dancing
57%
lost
57%
Pauses
57%
spent
57%
downtown
55%
minds
55%
round
55%
shirt
55%
words
55%
kiss
54%
let
54%
Meant
54%
office
54%
snow
54%
talk
54%
fight
53%
fought
53%
globe
53%
Strange
53%
understand
53%
wars
53%
fears
52%
felt
52%
sidewalks
52%
wakes
52%
neck
51%
play
51%
shoulders
51%
Coffee
50%
fast
50%
ghosts
50%
brush
49%
midnight
49%
moved
49%
touch
49%
drives
48%
Morning
48%
place
48%
reflects
48%
Small
48%
joke
47%
toast
47%
Burnt
46%
chain
46%
coat
46%
lighthearted
46%
proof
46%
Sunday
46%
Buttons
45%
step
37%

Score Distribution

Percentile by Number Answered

Percent of People with Each Score

Your Score History

You have not taken this quiz since the last reset